000 00319nam a2200133 i 4500
001 bg
100 1 _aABRAMOWICZ, Halina
245 0 _aJak analizować wyniki pomiarów /
_cHalina Abramowicz.
260 _aWarszawa,
_c1992.
040 _cBPK
041 _apol
942 _cKS
008 s pl f |000 0 pol
999 _c5374
_d5374
856 _uhttp://koha.tu.koszalin.pl/cgi-bin/koha/opac-detail.pl?biblionumber=5374
_yKatalog online BPK